000 00314nam a2200121Ia 4500
008 220120s9999||||xx |||||||||||||| ||und||
082 _a621.382 DAS
100 _aDas, J
_97585
245 0 _aReview of digital communication
260 _aNew age international
_c1998
300 _b0
650 _aPROGRAMMING LANGUAGE
999 _c136968
_d136968